02220nam a2200277 a 4500008004100000020001500041050001400056100002200070245009300092250001200185260006600197300002000263350000900283650004000292995018800332995018200520995018200702995018800884995018801072999001701260952013201277952013601409952013601545952013201681952012901813110907s1998 ||||||||||||||||| || u a1569000913 aRM 35 Eff aAcquaviva, Jane D10aEffective documentation for occupational therapy. (2nd ed.)cedited by Jane D. Acquaviva a2nd ed. aBethesda, MDbAmerican Occupational Therapy Associationc1998 aix, 407p.: ill. a0.00 aOCCUPATIONAL THERAPY--DOCUMENTATION aMICHAEL CHILUFYA SATA OPEN ACCESSD0.00e900529FCBU-SCHOOL OF MEDICINE LIBRARY (Ndola)H1I0.00jRM 35 EFFM2UAVAILABLEWOct 18, 2011y900529ZMedical Library Open Access Collection aMEDICAL LIBRARY OPEN ACCESSD0.00e900528FCBU-SCHOOL OF MEDICINE LIBRARY (Ndola)H1I0.00jRM 35 EFFM1UAVAILABLEWOct 18, 2011y900528ZMedical Library Open Access Collection aMEDICAL LIBRARY OPEN ACCESSD0.00e900532FCBU-SCHOOL OF MEDICINE LIBRARY (Ndola)H1I0.00jRM 35 EFFM5UAVAILABLEWOct 18, 2011y900532ZMedical Library Open Access Collection aMICHAEL CHILUFYA SATA OPEN ACCESSD0.00e900530FCBU-SCHOOL OF MEDICINE LIBRARY (Ndola)H1I0.00jRM 35 EFFM3UAVAILABLEWOct 18, 2011y900530ZMedical Library Open Access Collection aMICHAEL CHILUFYA SATA OPEN ACCESSD0.00e900531FCBU-SCHOOL OF MEDICINE LIBRARY (Ndola)H1I0.00jRM 35 EFFM4UAVAILABLEWOct 18, 2011y900531ZMedical Library Open Access Collection c63804d63804 00102lcc4070a008b008cMCS Library Open Access Collectiond2023-02-01l0oRM 35 Effp900529r2023-02-01t1w2023-02-01y002 00102lcc4070a002b002cMedical Library Open Access Collectiond2023-02-01l0oRM 35 Effp900528r2023-02-01t2w2023-02-01y002 00102lcc4070a002b002cMedical Library Open Access Collectiond2023-02-01l0oRM 35 Effp900532r2023-02-01t3w2023-02-01y002 00102lcc4070a008b008cMCS Library Open Access Collectiond2023-02-01l0oRM 35 Effp900530r2023-02-01t4w2023-02-01y002 00102lcc4070a008b008cMCS Library Open Access Collectiond2023-02-01l0oRM 35 Effp900531r2023-02-01w2023-02-01y002